Die Reform der deutschen Hauptverhandlung nach dem Vorbild des anglo-amerikanischen Strafverfahrens
| Main Author: | |
|---|---|
| Format: | Print Book |
| Language: | German |
| Published: |
Bonn
Röhrscheid
1971
|
| In: |
Rechtsvergleichende Untersuchungen zur gesamten Strafrechtswissenschaft (N.F., 44)
Year: 1971 |
| Availability in Tübingen: | Present in Tübingen. IFK: F IV 86 |
| Check availability: | HBZ Gateway |
| Subito Delivery Service: | Order now. |
| Keywords: |
MARC
| LEADER | 00000cam a2200000 c 4500 | ||
|---|---|---|---|
| 001 | 022157581 | ||
| 003 | DE-627 | ||
| 005 | 20260206200030.0 | ||
| 007 | tu | ||
| 008 | 850328s1971 gw ||||| m 00| ||ger c | ||
| 010 | |a 72306109 | ||
| 015 | |a 72,A16,0069 |2 dnb | ||
| 016 | 7 | |a 720059216 |2 DE-101 | |
| 020 | |a 3792802961 |9 3-7928-0296-1 | ||
| 035 | |a (DE-627)022157581 | ||
| 035 | |a (DE-603)074596209 | ||
| 035 | |a (DE-576)002973316 | ||
| 035 | |a (DE-599)GBV022157581 | ||
| 035 | |a (OCoLC)611544835 | ||
| 035 | |a (OCoLC)02546337 | ||
| 035 | |a (AT-OBV)AC04989197 | ||
| 035 | |a (DE-604)8057053103 | ||
| 040 | |a DE-627 |b ger |c DE-627 |e rakwb | ||
| 041 | |a ger | ||
| 044 | |c XA-DE | ||
| 050 | 0 | |a K5401 | |
| 082 | 0 | |a 345.43 |q OCLC | |
| 084 | |a 04a |2 sdnb | ||
| 084 | |a PH 6040 |2 rvk |0 (DE-625)rvk/136213: | ||
| 084 | |a PH 6050 |2 rvk |0 (DE-625)rvk/136214: | ||
| 100 | 1 | |a Herrmann, Joachim |d 1933-2022 |0 (DE-588)135858674 |0 (DE-627)693829826 |0 (DE-576)300685556 |4 aut | |
| 109 | |a Herrmann, Joachim 1933-2022 |a Heruman, Yoahimu 1933-2022 | ||
| 245 | 1 | 4 | |a Die Reform der deutschen Hauptverhandlung nach dem Vorbild des anglo-amerikanischen Strafverfahrens |c Joachim Herrmann |
| 264 | 1 | |a Bonn |b Röhrscheid |c 1971 | |
| 300 | |a 491 S. |c 23 cm | ||
| 336 | |a Text |b txt |2 rdacontent | ||
| 337 | |a ohne Hilfsmittel zu benutzen |b n |2 rdamedia | ||
| 338 | |a Band |b nc |2 rdacarrier | ||
| 490 | 1 | |a Rechtsvergleichende Untersuchungen zur gesamten Strafrechtswissenschaft |v N.F., 44 | |
| 500 | |a Zugl.: Freiburg, Univ., Habil.-Schr., 1970 | ||
| 502 | |a Zugl.: Freiburg, Univ., Habil.-Schr., 1970 | ||
| 650 | 0 | |a Criminal Procedure |z Germany (West) | |
| 650 | 0 | |a Criminal Procedure |z Great Britain | |
| 650 | 0 | |a Criminal Procedure |z United States | |
| 650 | 0 | 7 | |0 (DE-588)4023689-4 |0 (DE-627)106302221 |0 (DE-576)208950931 |a Hauptverhandlung |2 gnd |
| 655 | 7 | |a Hochschulschrift |0 (DE-588)4113937-9 |0 (DE-627)105825778 |0 (DE-576)209480580 |2 gnd-content | |
| 689 | 0 | 0 | |d s |0 (DE-588)4023689-4 |0 (DE-627)106302221 |0 (DE-576)208950931 |a Hauptverhandlung |2 gnd |
| 689 | 0 | |5 DE-101 | |
| 689 | 1 | 0 | |d s |0 (DE-588)4023689-4 |0 (DE-627)106302221 |0 (DE-576)208950931 |a Hauptverhandlung |2 gnd |
| 689 | 1 | 1 | |d s |0 (DE-588)4115716-3 |0 (DE-627)10581220X |0 (DE-576)209495499 |a Reform |2 gnd |
| 689 | 1 | 2 | |d s |0 (DE-588)4115712-6 |0 (DE-627)104262664 |0 (DE-576)209495464 |a Rechtsvergleich |2 gnd |
| 689 | 1 | |5 (DE-627) | |
| 751 | |a Freiburg im Breisgau |0 (DE-588)4018272-1 |0 (DE-627)106326686 |0 (DE-576)208923535 |4 uvp | ||
| 830 | 0 | |a Rechtsvergleichende Untersuchungen zur gesamten Strafrechtswissenschaft |v N.F., 44 |9 NF,44 |w (DE-627)130098019 |w (DE-576)015630595 |w (DE-600)501490-6 |7 am | |
| 935 | |i Blocktest | ||
| 936 | r | v | |a PH 6040 |b Vergleichendes Strafrecht |k Rechtswissenschaft |k Strafrecht, Strafverfahrensrecht, Kriminologie |k Vergleichendes und ausländisches Straf- und Strafprozessrecht einschliesslich Strafvollzug |k Rechtsvergleich |k Vergleichendes Strafrecht |0 (DE-627)1271793709 |0 (DE-625)rvk/136213: |0 (DE-576)201793709 |
| 936 | r | v | |a PH 6050 |b Vergleichendes Strafprozessrecht |k Rechtswissenschaft |k Strafrecht, Strafverfahrensrecht, Kriminologie |k Vergleichendes und ausländisches Straf- und Strafprozessrecht einschliesslich Strafvollzug |k Rechtsvergleich |k Vergleichendes Strafprozessrecht |0 (DE-627)1272128768 |0 (DE-625)rvk/136214: |0 (DE-576)202128768 |
| 936 | s | n | |a p100 |2 mzub |
| 951 | |a BO | ||
| ELC | |b 1 | ||
| LOK | |0 000 xxxxxcx a22 zn 4500 | ||
| LOK | |0 001 3076205269 | ||
| LOK | |0 003 DE-627 | ||
| LOK | |0 004 022157581 | ||
| LOK | |0 005 20020607000000 | ||
| LOK | |0 008 930715||||||||||||||||ger||||||| | ||
| LOK | |0 040 |a DE-21-110 |c DE-627 |d DE-21-110 | ||
| LOK | |0 852 |a DE-21-110 | ||
| LOK | |0 852 1 |c F IV 86 |m p |9 00 | ||
| LOK | |0 935 |a k110 | ||
| LOK | |0 936ln |a 4.6.5 | ||
| LOK | |0 938 |k p | ||
| LOK | |0 939 |a 15-07-93 |b l01 | ||
| ORI | |a SA-MARC-krimdoka001.raw | ||
| SIG | |a IFK: F IV 86 | ||
